| 000 | 00899cam a22002174a 4500 | ||
|---|---|---|---|
| 005 | 20250605164213.0 | ||
| 008 | 250528s ||||||||||||||||||||||||d | ||
| 035 | _a20359 | ||
| 020 | _a3800510081 | ||
| 040 |
_aGR-AtMCL _bgre _dGR-AtMCL _eAACR2 |
||
| 245 | 1 | _aJahrbuch fur die Praxis die Praxis der Schiedsgerichtsbarkeit Band 1 (1987) / Herausgegeben von Ottoarndt Glossner in Verbindung mit Deutscher Ausschub for Schiedgerichtswesen | |
| 260 | _c1988 | ||
| 300 | _a304 | ||
| 505 | 0 | _aAbhandlungen, Schiedsordnungen et Kommentare u.a., Rechtsprechung, Aktuelle Informationez aus dem Ausland, Glosse. | |
| 520 | _aAbhandlungen, Schiedsordnungen et Kommentare u.a., Rechtsprechung, Aktuelle Informationez aus dem Ausland, Glosse. | ||
| 700 | 1 |
_aGlossner Ottoardt _96355 |
|
| 700 | 1 |
_aVelag Recht Und Wirtschaft Heidelberg _96356 |
|
| 942 | _cBK | ||
| 999 |
_c5479 _d5479 |
||